Preparing Witnesses A Practical Guide for Lawyers and Their Clients /

Detalles Bibliográficos
Autor principal: Small, Daniel
Formato: eBook
Lenguaje:inglés
Publicado: Chicago: American Bar Association, 2014
Materias:
Acceso en línea:Acceso restringido

MARC

LEADER 00000nam a22000007a 4500
005 20210225000159.0
007 cr|||| ||||
008 210225s2014 us |||||s|||| 00||0 eng d
020 |a 9781627227551 
035 |a 31243 
040 |a vLex 
090 |c 11267  |d 11267 
100 1 |a Small, Daniel 
245 1 0 |a Preparing Witnesses  |h [Recurso electrn̤ico] :  |b A Practical Guide for Lawyers and Their Clients /  |c Daniel Small 
256 |a Servicio en ln̕ea 
260 |a Chicago:  |b American Bar Association,  |c 2014 
300 |a 1 recurso electrn̤ico 
500 |a This completely revised and updated fourth edition of Preparing Witnesses: A Practical Guide for Lawyers and Their Clients, will improve witness preparation skills.This book is an invaluable aid in refining skills for delivering witness testimony with an impact. 
506 1 |a Disponible solo en los productos indicados  |d vLex Global  |d vLex Global (Academic Edition, excluding Law Schools)  |d vLex Global (Academic Edition, Law Schools) 
650 0 4 |a Abogados  |z Estados Unidos 
650 0 4 |a Derecho Civil  |z Estados Unidos9 
740 0 |a vLex Libros (Servicio en ln̕ea) 
856 4 0 |u http://vlex.com/source/preparing-witnesses-a-practical-guide-for-lawyers-and-their-clients-31243  |z Acceso restringido 
942 |c BOOK 
999 0 |a Lawyers 
999 0 |a Civil Law